| 000 | 00576nam a2200193 a 4500 | ||
|---|---|---|---|
| 005 | 20220810063428.0 | ||
| 008 | 031105s1995 mx r 000 0 spa d | ||
| 020 | _a8425418917 | ||
| 035 | _aUPN01000130698 | ||
| 049 | _aCG | ||
| 050 | 4 |
_aRC488.5 _bO2.2 |
|
| 100 | 1 | _aOchoa de Alda, Inmaculada | |
| 245 | 1 | 0 |
_aEnfoques en terapia familiar sistémica / _cInmaculada Ochoa de Alda. |
| 260 |
_aBarcelona, Esp. : _bHerder, _c1995. |
||
| 300 | _a276 p. | ||
| 440 | 0 |
_aBiblioteca de psicologĂa. _pTextos universitarios |
|
| 650 | 4 |
_aPsicoterapia familiar _944 |
|
| 905 | _aLibro | ||
| 999 |
_c102855 _d102855 |
||